Statistics for Buried, but where?

Click here to take the quiz!

General Stats

  • This quiz has been taken 24 times
  • The average score is 4 of 15

Answer Stats

Who dead?Where bury?% Correct
Jim MorrisonPère Lachaise Cemetery / Paris
95%
Eva PerónLa Recoleta / Buenos Aires
67%
Yuri GagarinKremlin Wall Necropolis / Moscow
62%
Alfred NobelNorra begravningsplatsen / Stockholm
62%
Kim Il-sungKumsusan Palace of the Sun / Pyongyang
52%
Queen LiliʻuokalaniMauna 'Ala / Honolulu
52%
Saladin (aka Salah ad-din)Great Mosque / Damascus
14%
Winston ChurchillSt Martin's Church / Oxfordshire
10%
George H.W. BushGeorge H.W. Bush Presidential Library / College Station
5%
Otto von BismarckBismarck Mausoleum / Aumühle
0%
Grace Kelly, Princess of MonacoCathedral of Our Lady Immaculate / Monaco-Ville
0%
Aldous HuxleyCompton / Surrey
0%
Charlie ChaplinCorsier-sur-Vevey
0%
Shaka ZuluKwaDukuza
0%
Emperor Shōwa (aka Hirohito)Musashi Imperial Graveyard
0%

Score Distribution

Percentile by Number Answered

Percent of People with Each Score

Your Score History

You have not taken this quiz